书目信息 |
| 书名: | FAR/AIM98 | |
| 作者: | ||
| 分册号: | ||
| 分册名: | 出版地: | ENGLEWOOD : |
|
| 出版社: | JEPPESEN SANDERSON,INC | |
| 出版时间: | 1998. | |
| 页数: | 1v. ; | |
| 开本: | 25cm. | |
| 丛书名: | ||
| 中图分类号: | ||
| 科图分类号: | ||
| 其他分类号: | V2 | |
| 主题词: | ||
| 电子资源: | ||
| 000 | 00504nam 2200145 a 4500 | |
| 001 | E0737667583 | |
| 005 | 20070429103055.09 | |
| 008 | 070429s1998 00010 eng | |
| 040 | @aPFT@beng | |
| 090 | @aV2 | |
| 099 | @dV2@ex2 | |
| 245 | @aFAR/AIM98 :@bFEDERAL AVIATION REGULATION/AERONAUTICAL INFORMATION MANUAL. | |
| 260 | @aENGLEWOOD :@bJEPPESEN SANDERSON,INC.,@c1998. | |
| 300 | @a1v. ;@c25cm. | |
| 500 | @aFAR includes regulation changes through October 3,1997;AIM includes AIM basic manual,effevtive July 17,1997 | |
| FAR/AIM98 : : FEDERAL AVIATION REGULATION/AERONAUTICAL INFORMATION MANUAL.-ENGLEWOOD : : JEPPESEN SANDERSON,INC., , 1998. |
| 1v. ; ; 25cm. |
| FAR includes regulation changes through October 3,1997;AIM includes AIM basic manual,effevtive July 17,1997 |
| ISBN |
| ● |
| 相关链接 |
|
|
|
|
正题名:FAR/AIM98
索取号:V2/x2
 
预约/预借
| 序号 | 登录号 | 条形码 | 馆藏地/架位号 | 状态 | 备注 |
| 1 | 5808 | 300058087 | 第二样本阅览室/ [索取号:V2/x2] | 在馆 |